| 000 | 00650nam a2200229Ia 4500 | ||
|---|---|---|---|
| 003 | OSt | ||
| 005 | 20220928111052.0 | ||
| 006 | a|||||r|||| 00| 0 | ||
| 007 | ta | ||
| 008 | 220927b |||||||| |||| 00| 0 eng d | ||
| 024 | _a49182 | ||
| 037 | _cTextual | ||
| 040 |
_aSDCL _cSDCL _beng |
||
| 041 |
_2eng _aeng |
||
| 082 | _aO152,1(Delta2):g, K5 | ||
| 100 |
_aChorasiya Keshne Prasad _9421391 |
||
| 245 | 0 | _aMadhy Kalin Hindi sant vichar aur sadhana. | |
| 260 |
_aAllahabad _bHindustani _c1965 |
||
| 300 |
_a574p. _ccm. |
||
| 942 |
_hO152,1(Delta2):g, K5 _cTEXL _2CC |
||
| 999 |
_c737680 _d737680 |
||